Financial Market Essentials (Record no. 14845)

MARC details
000 -LEADER
fixed length control field 00309nam a2200133Ia 4500
008 - FIXED-LENGTH DATA ELEMENTS--GENERAL INFORMATION
fixed length control field 230312s9999||||xx |||||||||||||| ||und||
020 ## - INTERNATIONAL STANDARD BOOK NUMBER
International Standard Book Number 978-070286658
082 ## - DEWEY DECIMAL CLASSIFICATION NUMBER
Classification number 332
Item number VIN-F
100 ## - MAIN ENTRY--PERSONAL NAME
Personal name Viney;Christopher
245 #0 - TITLE STATEMENT
Title Financial Market Essentials
300 ## - PHYSICAL DESCRIPTION
Extent 476
650 ## - SUBJECT ADDED ENTRY--TOPICAL TERM
Topical term or geographic name entry element Management
942 ## - ADDED ENTRY ELEMENTS (KOHA)
Koha item type BOOK

No items available.

Powered by Koha